Capitales se terminant par la lettre T - Statistiques

Statistiques générales
  • Ce quiz a été pris 283 fois
    264 depuis la dernière actualisation
  • Le résultat moyen est 5 sur 7
Statistiques - réponses
Réponse % Correct
Bucarest
82%
Budapest
81%
Rabat
77%
Tachkent
64%
Achgabat
58%
Nouakchott
54%
Koweït
50%
Aucun quiz correspondant
Distribution des résultats
% des personnes avec chaque résultat
Percentile par nombre de réponses
Votre historique - résultats
Vous n’avez pas pris ce quiz depuis la dernière actualisation